01329nam a2200313 a 4500001000400000003001000004005001700014008004100031020001800072040002500090041001300115080002800128090002700156100002000183240004800203245021400251260003900465300003100504504003600535590004400571650003900615650007100654650005000725650003500775700003100810942001200841952014900853999001301002936BR-CuiBMT20231213125836.0231122s1997 rjba 001 0 por d a9788535201772 aBR-CuiBMTcBR-CuiBMT1 aporheng 22007a658:001.101x(52) a658:001.101(52)bN812c1 aNonaka, Ikujiro04aThe knowledge-creating companylPortuguês10aCriação de conhecimento na empresa :bcomo as empresas japonesas geram a dinâmica da inovação /cIkujiro Nonaka, Hirotaka Takeuchi ; [tradução de Ana Beatriz Rodrigues, Priscila Martins Celeste]. aRio de Janeiro :bElsevier,c1997. axv, 358 p. :bil. ;c23 cm aInclui bibliografia e índice. aA Biblioteca possui a 23. reimpr. 1997. aGestão do conhecimento zJapão aAdministração de empresasxPlanejamento estratégicozJapão aComunicação nas organizaçõeszJapão aDesenvolvimento organizacional1 aTakeuchi, Hirotaka,d1946- 2udccLV 00102udc4070aBIBTCEMTbBIBTCEMTd2023-11-23l0o658:001.101(52) N812cpBIBTCEMT23110976r2023-11-23tEx. 1w2023-11-23yLVz23. reimpr. 1997 c936d936